Diversidad: (Record no. 1556)
[ view plain ]
| 000 -LEADER | |
|---|---|
| campo de control de longitud fija | 00752nam a2200157 4500 |
| 008 - DATOS DE LONGITUD FIJA--INFORMACIÓN GENERAL | |
| campo de control de longitud fija | 779.092 G216d |
| 020 ## - NÚMERO INTERNACIONAL ESTÁNDAR DEL LIBRO | |
| Número Internacional Estándar del Libro | 9789945868210 |
| 082 ## - NÚMERO DE LA CLASIFICACIÓN DECIMAL DEWEY | |
| Número de clasificación | 779.092 |
| Número de ítem | G216d |
| 100 ## - ENTRADA PRINCIPAL--NOMBRE DE PERSONA | |
| Nombre de persona | Centro Cultural de España en Santo Domingo |
| 9 (RLIN) | 6536 |
| 245 ## - MENCIÓN DEL TÍTULO | |
| Título | Diversidad: |
| Resto del título | la diferencia como definición |
| 260 ## - PUBLICACIÓN, DISTRIBUCIÓN, ETC. | |
| Lugar de publicación, distribución, etc. | Santo Domingo |
| Nombre del editor, distribuidor, etc. | Centro Cultural de España en Santo Domingo |
| Fecha de publicación, distribución, etc. | 2010 |
| 300 ## - DESCRIPCIÓN FÍSICA | |
| Extensión | 112 p. |
| Otras características físicas | ill (col) |
| Dimensiones | 25.5 x 25.5 cm |
| 505 ## - NOTA DE CONTENIDO CON FORMATO | |
| Título | Presentación |
| Mención de responsabilidad | Joaquín Benito |
| Título | Sobre la diferencia |
| Mención de responsabilidad | Rosa Olivares |
| Título | Artistas |
| -- | Carmela García |
| -- | Amparo Garrido |
| -- | Germán Gómez |
| -- | Ali Hanoon |
| -- | Jesús Micó |
| -- | Tanit Plana |
| -- | Miguel Trillo |
| -- | Jesús Ubera |
| 650 ## - PUNTO DE ACCESO ADICIONAL DE MATERIA--TÉRMINO DE MATERIA | |
| Subdivisión general | arte contemporáneo |
| -- | fotografía |
| -- | catálogo de exhibición |
| -- | España |
| 9 (RLIN) | 6537 |
| 700 ## - ENTRADA AGREGADA--NOMBRE PERSONAL | |
| Nombre de persona | Benito, Joaquín; Olivares, Rosa |
| 9 (RLIN) | 6538 |
| Estatus retirado | Estado de pérdida | Fuente del sistema de clasificación o colocación | Estado de daño | No para préstamo | Biblioteca de origen | Biblioteca actual | Ubicación en estantería | Fecha de adquisición | Total de préstamos | Signatura topográfica completa | Código de barras | Visto por última vez | Precio de reemplazo | Tipo de ítem Koha |
|---|---|---|---|---|---|---|---|---|---|---|---|---|---|---|
| Clasificación Decimal Dewey | Biblioteca LadoV | Biblioteca LadoV | 14/07/2018 | 779.092 G216d | 004607 | 14/07/2018 | 14/07/2018 | Material 01 |
